| 000 | 00963nam 22002653 4500 | ||
|---|---|---|---|
| 001 | 198214 | ||
| 010 | _a972-9019-57-6 | ||
| 021 | _aPT | ||
| 090 | _a198214 | ||
| 100 | _a20251001d u||y0pory50 ba | ||
| 200 |
_aAzulejaria barroca Portuguesa _efiguras de convite _fLuísa D´Orey Capucho Arruda _gfotos de Luís Pavão |
||
| 210 |
_aLisboa _cInapa _d1993 |
||
| 215 |
_a129, [3] p. _cil. ; encadernado _d32 cm |
||
| 225 | _aHistória da Arte | ||
| 300 | _aOriginariamente tese mestrado História de Arte, Univ. Nova de Lisboa, 1989 pag. 62-65 - Quinta da Vidigueira - Montemor-o-Novo | ||
| 606 |
_94619 _aCerâmica Artística |
||
| 610 | _aAzulejos barrocos portugueses -- Figuras de convite | ||
| 610 | _aAzulejos decorativos | ||
| 675 |
_a738.8(469) _vPT _zpor |
||
| 675 |
_a738.1(469) _vPT _zpor |
||
| 700 |
_914184 _aArruda _bLuísa de Orey Capucho _f1949- |
||
| 702 |
_914185 _aPavão _bLuís _f1954- |
||
| 801 |
_aPT _bBMMN _gRPC |
||
| 830 |
_cAna _fAna |
||
| 990 | _cLIVROS | ||